Statistics for World leaders

Click here to take the quiz!

General Stats

  • This quiz has been taken 16 times
  • The average score is 9 of 15

Answer Stats

HintAnswer% Correct
President of the United States ( as of January 21st)Donald Trump
94%
Dictator of North KoreaKim Jong-Un
94%
Queen of EnglandElizabeth Windsor
88%
President of RussiaVladimir Putin
88%
Prime minister of the UKTheresa May
81%
Pope of the Roman Catholic ChurchFrancis
69%
President of South AfricaJacob Zuma
69%
Prime minister of CanadaJustin Trudeau
69%
Secretary of the Communist Party of CubaRaul Castro
56%
Prime Minister of IsraelBenjamin Netanyahu
50%
Chancellor of GermanyAngela Merkle
25%
Prime minister of IndiaNarenda Modi
25%
Secretary-General of China's Communist PartyXi Jingping
25%
King of NorwayHarald V
13%
President of ArgentinaMauricio Macri
13%

Score Distribution

Percentile by Number Answered

Percent of People with Each Score

Your Score History

You have not taken this quiz